000 00794nam a2200229 i 4500
001 13910
003 ES-MaACL
005 20250728053609.0
007 t|
008 970825s1997 sp ||||0| spa j
020 _a84-922274-0-0
040 _aM-BN
_bspa
_cM-BN
080 _a339.96(4-672 UE:8=134)
245 0 3 _aLa cooperación al desarrollo bilateral de la Unión Europea con América Latina /
_cChristian Freres, coordinador.
260 _aMadrid :
_bAIETI,
_c1997.
300 _a235 p :
_bgraf ;
_c24 cm.
650 1 4 _aAyuda económica europea-
_zAmérica Latina
_910461
700 1 _aFreres, Christian.
_952523
710 2 _aAsociación de Investigación y Especialización sobre Temas Iberoamericanos.
_91604
852 _aES-MaACL
_jL-21277
_bR.125751
999 _c13910
_d13910